| 000 | 00482nam a22001817a 4500 | ||
|---|---|---|---|
| 003 | LK-CoDNM | ||
| 005 | 20241230135925.0 | ||
| 008 | 241230b |||||||| |||| 00| 0 eng d | ||
| 040 |
_aLK-CoDNM _dLK-CoDNM _eLK-CoDNM |
||
| 041 | _aeng | ||
| 080 |
_a3 _bK25 |
||
| 245 | _aCatalogue of Hymenopterous insects in the collection of the British museum | ||
| 260 |
_aLondon _bThe trustees _c1855 |
||
| 300 | _b206p. : ill ; 22 cm | ||
| 650 | _a1855 | ||
| 650 | _aScience | ||
| 942 | _cBK | ||
| 999 |
_c234358 _d234358 |
||